00821nam a2200205 a 450000100100000000500170001000800410002702000150006804000250008308200150010810000340012324501180015726000720027530000280034749000300037570000430040583000370044895201130048599900170059800004168220201002035712.0131015s1997 sp a 000 0 spa d a8400076753 aDO-SdBNPbspacBNPHU axxxbG968f1 aGuiu Giralt, Francisco96848710aFundamentos físicos de la mécanica de la fractura /cFrancisco Guiu Giralt ; prólogo José S. Moya Corral. aMadrid :bConsejo Superior de Investigaciones Científicas,c1997. a127 p. :bil. ;c21 cm.1 aTextos universitariosv2812aMoya Corral, José S.epról.968488 0aTextos universitariosn28968489 001050718MOaGRbGRcCTd2013-10-15iLF1l0oxxx G968fp41682-10r2020-06-25w2020-06-25y1ZNo se presta c41172d41172